| 000 | 00846nam a2200253 a 4500 | ||
|---|---|---|---|
| 001 | BRCA_8135 | ||
| 005 | 20190320210140.0 | ||
| 008 | 110414s1965----enkab##f##---#001-0#eng-# | ||
| 020 | _a0713506474 | ||
| 041 | _aeng | ||
| 044 | _aenk | ||
| 050 | 4 |
_aGA201 _b.L56 _c1965 |
|
| 100 | 1 |
_aLister, Raymond _919624 |
|
| 245 | 1 | 0 |
_aHow to identify old maps and globes _bwith a list of cartographers, engravers, publishers, and printers concerned with printed maps and globes from c. 1500 to c. 1850 _cby Raymond Lister. |
| 260 |
_aLondon _bG. Bell & Sons LTD _c1965 |
||
| 300 |
_a256 p. _bil. _c26 cm. |
||
| 500 | _aY216 | ||
| 500 | _aEjemplar igual a 307 | ||
| 504 | _aBibliografía selecta p. 109-115 | ||
| 650 | 1 | 4 |
_aCartografía _vHistoria _919792 |
| 650 | 1 | 4 |
_aCartografía _vDiccionarios y enciclopedias _919793 |
| 902 | _aGFM | ||
| 942 |
_2lcc _cB |
||
| 999 |
_c7803 _d7803 |
||